[Event "13PCR_F"]
[Site "?"]
[Date "2004.??.??"]
[Round "?"]
[White "Blazek, Jaroslav"]
[Black "Dlouhy, Radek"]
[Result "1/2-1/2"]
[WhiteElo "2205"]
[BlackElo "2225"]
[PlyCount "57"]
[EventDate "2004.??.??"]
[EventType "corr"]

1. d4 d5 2. Nf3 Nf6 3. e3 c5 4. dxc5 Qa5+ 5. Nc3 e6 6. Qd4 Qxc5 7. Nb5 Na6 8.
Bd3 Be7 9. a3 O-O 10. b4 Qxd4 11. exd4 Bd7 12. Bf4 Rfc8 13. Nd6 Bxd6 14. Bxd6
Ba4 15. Bxa6 bxa6 16. Bc5 Bxc2 17. Ne5 Ba4 18. f3 Nd7 19. Nxd7 Bxd7 20. Kd2 Ba4
21. Rhc1 f6 22. Re1 Kf7 23. Rab1 Rc6 24. h4 Rac8 25. h5 h6 26. Re3 R6c7 27. f4
Bd7 28. g4 e5 29. fxe5 1/2-1/2

[Event "13PCR_F"]
[Site "?"]
[Date "2004.??.??"]
[Round "?"]
[White "Blazek, Jaroslav"]
[Black "Firla, Stanislav"]
[Result "0-1"]
[WhiteElo "2205"]
[BlackElo "2340"]
[PlyCount "134"]
[EventDate "2004.??.??"]
[EventType "corr"]

1. d4 Nf6 2. c4 g6 3. Nc3 Bg7 4. e4 d6 5. Be2 O-O 6. Nf3 Na6 7. O-O e5 8. dxe5
dxe5 9. Qc2 Qe8 10. a3 Bg4 11. Rd1 c6 12. Be3 Qe7 13. b4 Nh5 14. h3 Be6 15.
Rab1 Nf4 16. Bf1 f5 17. Bxf4 exf4 18. Re1 Qf6 19. e5 Qe7 20. Qd2 Bh6 21. Qd6
Rfe8 22. Rbd1 Nc7 23. b5 cxb5 24. Qxe7 Rxe7 25. Nd5 Rf7 26. Nf6+ Kh8 27. cxb5
Re7 28. Rd4 Ne8 29. Red1 Kg7 30. Nd5 Bxd5 31. Rxd5 Kf8 32. a4 Nc7 33. Rd8+ Rxd8
34. Rxd8+ Re8 35. Rd6 Re7 36. b6 axb6 37. Bc4 Bg7 38. Rxb6 Bxe5 39. Rxb7 Bc3
40. Ra7 Ne8 41. Ra8 Kg7 42. a5 Nd6 43. Bd3 Bb4 44. Nd4 Bc5 45. Nb3 Ba7 46. Nd2
Re1+ 47. Bf1 Be3 48. Nf3 Ra1 49. g4 Bc5 50. Ng5 Kf6 51. Nxh7+ Ke7 52. Nf8 Kf7
53. Nd7 Bd4 54. gxf5 gxf5 55. a6 Ne4 56. a7 Nd2 57. Kg2 f3+ 58. Kg3 Nxf1+ 59.
Kxf3 Rxa7 60. Rxa7 Bxa7 61. Ke2 Nh2 62. Ne5+ Kf6 63. f4 Ke6 64. Ng6 Kd5 65. Kd3
Nf3 66. h4 Ke6 67. h5 Kf6 0-1

[Event "13PCR_F"]
[Site "?"]
[Date "2004.??.??"]
[Round "?"]
[White "Blazek, Jaroslav"]
[Black "Koukal, Vladimir"]
[Result "1/2-1/2"]
[WhiteElo "2205"]
[BlackElo "2194"]
[PlyCount "112"]
[EventDate "2004.??.??"]
[EventType "corr"]

1. d4 Nf6 2. c4 e6 3. Nc3 Bb4 4. a3 Bxc3+ 5. bxc3 c5 6. dxc5 Qa5 7. Qd4 O-O 8.
Rb1 Nc6 9. Qe3 Rd8 10. Nf3 d6 11. cxd6 Rxd6 12. Nd2 Rd8 13. g3 Ng4 14. Qf3 Nge5
15. Qf4 Qxc3 16. Bg2 Ng6 17. Qf3 Qa5 18. Qe3 e5 19. O-O Qa6 20. Bb2 Bg4 21. h3
Bf5 22. Rbd1 Be6 23. c5 Qb5 24. Rb1 Ba2 25. Bxe5 Bxb1 26. Rxb1 Qa6 27. Bc7 Rd7
28. Bd6 Nge7 29. Be4 Rad8 30. Bd3 Qa4 31. Nc4 Nd5 32. Qf3 Nc3 33. Bxh7+ Kxh7
34. Qxc3 Kg8 35. Qd3 b6 36. cxb6 Ne5 37. Nxe5 Rxd6 38. Qc4 Qxc4 39. Nxc4 Rd1+
40. Rxd1 Rxd1+ 41. Kg2 axb6 42. Nxb6 Rd6 43. Nc4 Rd4 44. Ne3 Ra4 45. Nc2 Rc4
46. Nb4 Rc3 47. Nd5 Rxa3 48. h4 Kf8 49. e4 Ke8 50. h5 Kd7 51. g4 Ke6 52. f4 f6
53. Kf2 Ra2+ 54. Kf3 Ra3+ 55. Ke2 Ra2+ 56. Ke3 Ra3+ 1/2-1/2

[Event "13PCR_F"]
[Site "?"]
[Date "2004.??.??"]
[Round "?"]
[White "Blazek, Jaroslav"]
[Black "Nedoma, Petr"]
[Result "1-0"]
[WhiteElo "2205"]
[BlackElo "2269"]
[PlyCount "117"]
[EventDate "2004.??.??"]
[EventType "corr"]

1. d4 Nf6 2. c4 e6 3. Nc3 Bb4 4. a3 Bxc3+ 5. bxc3 O-O 6. Qc2 Re8 7. e4 e5 8. f3
c6 9. dxe5 Rxe5 10. Bf4 Ra5 11. Rd1 Rxa3 12. Bd6 Ra5 13. f4 Ne8 14. Bb4 Rh5 15.
Nf3 Qc7 16. g4 Rh6 17. g5 Qxf4 18. gxh6 Qxf3 19. Bg2 Qe3+ 20. Qe2 Qxh6 21. e5
Qh4+ 22. Qf2 Qxf2+ 23. Kxf2 Na6 24. Rhe1 b6 25. Be7 Nac7 26. Rg1 Ne6 27. Be4
Nf4 28. Ke3 Ng6 29. Bxg6 hxg6 30. Bd8 Rb8 31. h4 b5 32. c5 Ra8 33. Ra1 Bb7 34.
Bb6 a6 35. Rad1 Bc8 36. Ba5 Rb8 37. Rdf1 Ra8 38. Kd4 Rb8 39. Rg3 Bb7 40. c4 Ra8
41. Kc3 Bc8 42. Bb6 Rb8 43. Rgf3 f6 44. exf6 gxf6 45. Re3 Kf8 46. Rfe1 Ng7 47.
Bc7 Ra8 48. Bd6+ Kg8 49. Rf3 b4+ 50. Kxb4 a5+ 51. Kc3 Nf5 52. h5 a4 53. Rg1
Nxd6 54. cxd6 a3 55. Rxf6 a2 56. Rfxg6+ Kh7 57. Kb2 a1=Q+ 58. Rxa1 Rxa1 59.
Kxa1 1-0

[Event "13PCR_F"]
[Site "?"]
[Date "2004.??.??"]
[Round "?"]
[White "Blazek, Jaroslav"]
[Black "Postl, Rostislav"]
[Result "1/2-1/2"]
[WhiteElo "2205"]
[BlackElo "2297"]
[PlyCount "92"]
[EventDate "2004.??.??"]
[EventType "corr"]

1. e4 e5 2. Nf3 Nc6 3. Bb5 a6 4. Ba4 Nf6 5. O-O Be7 6. Re1 b5 7. Bb3 d6 8. c3
O-O 9. h3 Na5 10. Bc2 c5 11. d4 Qc7 12. a4 Bd7 13. axb5 axb5 14. b3 cxd4 15.
cxd4 Nc6 16. Rxa8 Rxa8 17. Re2 Ra2 18. dxe5 Nxe5 19. Nd4 b4 20. Be3 Ra5 21. Nd2
d5 22. f4 Nc6 23. Nxc6 Bxc6 24. e5 Ne4 25. Bxe4 dxe4 26. Nc4 Rd5 27. Rd2 Qd8
28. Nd6 Qa8 29. Rxd5 Bxd5 30. Qd4 Bxb3 31. Qxb4 Bd5 32. Qb5 Bf8 33. Kh2 Qa2 34.
f5 h6 35. f6 Qa8 36. Nf5 Kh7 37. fxg7 Bxg7 38. Nxg7 Kxg7 39. Kg3 Kh7 40. Qd7
Be6 41. Qd4 Qg8+ 42. Kf2 Qg6 43. g4 h5 44. gxh5 Qxh5 45. Qxe4+ Bf5 46. Qf4 Qxh3
1/2-1/2

[Event "13PCR_F"]
[Site "?"]
[Date "2004.??.??"]
[Round "?"]
[White "Blazek, Jaroslav"]
[Black "Pravec, Ladislav"]
[Result "0-1"]
[WhiteElo "2205"]
[BlackElo "2350"]
[PlyCount "64"]
[EventDate "2004.??.??"]
[EventType "corr"]

1. e4 c5 2. Nf3 Nc6 3. d3 g6 4. Be2 Bg7 5. Nc3 d6 6. O-O e6 7. Nb5 a6 8. Na3
Nge7 9. c3 d5 10. Be3 d4 11. Bd2 O-O 12. cxd4 cxd4 13. Ne1 e5 14. f4 exf4 15.
Bxf4 Be6 16. Nf3 h6 17. Qd2 g5 18. Bg3 f5 19. Kh1 Qd7 20. h3 Rad8 21. Bh2 fxe4
22. dxe4 d3 23. Bd1 Ng6 24. Rc1 Nce5 25. Bg1 Bxh3 26. Nxe5 Bxe5 27. Rf3 Rxf3
28. Bxf3 Bg4 29. Rf1 Nf4 30. Bh2 Bxf3 31. Rxf3 Qd4 32. Qd1 Qxe4 0-1

[Event "13PCR_F"]
[Site "?"]
[Date "2004.??.??"]
[Round "?"]
[White "Blazek, Jaroslav"]
[Black "Sochor, Frantisek"]
[Result "0-1"]
[WhiteElo "2205"]
[BlackElo "2278"]
[PlyCount "84"]
[EventDate "2004.??.??"]
[EventType "corr"]

1. e4 c5 2. Nf3 d6 3. d4 cxd4 4. Nxd4 Nf6 5. Nc3 a6 6. Be2 e6 7. O-O Be7 8. Qd3
b5 9. a3 Bb7 10. Re1 O-O 11. Qh3 Nbd7 12. f4 Qc7 13. Bf3 Nb6 14. Qg3 Nfd7 15.
Nd1 Rac8 16. c3 Nc5 17. Nf2 Kh8 18. Bd1 Rfd8 19. e5 Ncd7 20. Bc2 dxe5 21. fxe5
Nf8 22. Re2 Rd7 23. Nd3 Nc4 24. Bd2 Ng6 25. Rf1 Kg8 26. Bc1 Qb6 27. Kh1 Nxa3
28. bxa3 Rxc3 29. Be3 Qc7 30. Qe1 Bxa3 31. Qf2 Be4 32. Ne1 Bxc2 33. Ndxc2 Bc5
34. Nf3 Bxe3 35. Nxe3 a5 36. Rc2 h6 37. Rxc3 Qxc3 38. Qe2 Rd8 39. Ng4 b4 40.
Qa2 b3 41. Qf2 Rd7 42. Ne3 a4 0-1

[Event "13PCR_F"]
[Site "?"]
[Date "2004.??.??"]
[Round "?"]
[White "Dlouhy, Radek"]
[Black "Firla, Stanislav"]
[Result "0-1"]
[WhiteElo "2225"]
[BlackElo "2340"]
[PlyCount "68"]
[EventDate "2004.??.??"]
[EventType "corr"]

1. e4 e5 2. Nf3 Nc6 3. Bb5 f5 4. Nc3 Nf6 5. exf5 e4 6. Ng5 d5 7. d3 exd3 8.
Qxd3 Bb4 9. O-O O-O 10. Bxc6 bxc6 11. Ne2 a5 12. Ne6 Bxe6 13. fxe6 Qd6 14. a3
Bc5 15. Bf4 Qxe6 16. Bxc7 Ne4 17. Nd4 Qf6 18. c3 Ra7 19. Bg3 h5 20. Nf3 g5 21.
Rae1 Re7 22. b4 Ba7 23. Qa6 Rff7 24. b5 h4 25. b6 hxg3 26. fxg3 c5 27. Nxg5
Qxb6 28. Qc8+ Kg7 29. Nxe4 dxe4 30. c4 Qg6 31. Rxf7+ Rxf7 32. Qd8 e3 33. g4 Bb6
34. Qh4 a4 0-1

[Event "13PCR_F"]
[Site "?"]
[Date "2004.??.??"]
[Round "?"]
[White "Dlouhy, Radek"]
[Black "Koukal, Vladimir"]
[Result "0-1"]
[WhiteElo "2225"]
[BlackElo "2194"]
[PlyCount "60"]
[EventDate "2004.??.??"]
[EventType "corr"]

1. e4 e5 2. Nf3 Nc6 3. Bb5 a6 4. Ba4 Nf6 5. d4 exd4 6. O-O Be7 7. e5 Ne4 8.
Nxd4 O-O 9. Nf5 d5 10. Bxc6 bxc6 11. Nxe7+ Qxe7 12. Re1 Re8 13. f3 Nc5 14. b3
Qh4 15. Bb2 Ne6 16. c4 Rd8 17. g3 Qh5 18. f4 Qg6 19. Qf3 Nc5 20. Ba3 Nd3 21.
Re3 Bg4 22. Qf1 dxc4 23. Nc3 Bf5 24. bxc4 Rd4 25. Kh1 Rxc4 26. Rc1 Rd8 27. Rc2
Rdd4 28. Ree2 Nxf4 29. Rb2 h6 30. Re3 Bh3 0-1

[Event "13PCR_F"]
[Site "?"]
[Date "2004.??.??"]
[Round "?"]
[White "Dlouhy, Radek"]
[Black "Nedoma, Petr"]
[Result "1/2-1/2"]
[WhiteElo "2225"]
[BlackElo "2269"]
[PlyCount "59"]
[EventDate "2004.??.??"]
[EventType "corr"]

1. e4 e5 2. Nf3 Nc6 3. Bb5 a6 4. Ba4 Nf6 5. d4 exd4 6. O-O Bc5 7. e5 Ng8 8. c3
dxc3 9. Nxc3 Nge7 10. Ne4 Ba7 11. Bg5 h6 12. Bh4 Kf8 13. Re1 g5 14. Nfxg5 hxg5
15. Bxg5 Nd4 16. Qd2 Ndf5 17. Nd6 cxd6 18. exd6 Qb6 19. Bxe7+ Nxe7 20. dxe7+
Ke8 21. Rac1 Qxf2+ 22. Qxf2 Bxf2+ 23. Kxf2 b5 24. Bb3 Bb7 25. h3 Rh4 26. Re2
Re4 27. Rce1 d5 28. Bc2 Rxe2+ 29. Rxe2 Bc8 30. Bb3 1/2-1/2

[Event "13PCR_F"]
[Site "?"]
[Date "2004.??.??"]
[Round "?"]
[White "Dlouhy, Radek"]
[Black "Novotny, Petr"]
[Result "1/2-1/2"]
[WhiteElo "2225"]
[BlackElo "2218"]
[PlyCount "35"]
[EventDate "2004.??.??"]
[EventType "corr"]

1. e4 e5 2. Nf3 Nc6 3. Bb5 a6 4. Ba4 Nf6 5. d4 exd4 6. O-O Be7 7. e5 Ne4 8.
Nxd4 O-O 9. Nf5 d5 10. Bxc6 bxc6 11. Nxe7+ Qxe7 12. Re1 Re8 13. f3 Nd6 14. b3
Nf5 15. Qd2 Be6 16. Ba3 Qh4 17. Bc5 Qh5 18. Nc3 1/2-1/2

[Event "13PCR_F"]
[Site "?"]
[Date "2004.??.??"]
[Round "?"]
[White "Dlouhy, Radek"]
[Black "Postl, Rostislav"]
[Result "0-1"]
[WhiteElo "2225"]
[BlackElo "2297"]
[PlyCount "80"]
[EventDate "2004.??.??"]
[EventType "corr"]

1. d4 d5 2. c4 dxc4 3. Nf3 Nf6 4. e3 e6 5. Bxc4 c5 6. O-O Nc6 7. Qe2 a6 8. dxc5
Bxc5 9. e4 b5 10. Bb3 Bb7 11. Nc3 Qc7 12. e5 Nd7 13. Bf4 O-O 14. Ne4 Ne7 15.
Rac1 Ng6 16. Bg3 Rac8 17. Nfg5 Qc6 18. Rfd1 h6 19. Rxd7 Qxd7 20. Nxc5 Qe7 21.
Ngxe6 fxe6 22. Qe3 Bd5 23. Bxd5 exd5 24. b4 a5 25. bxa5 d4 26. Qb3+ Kh8 27.
Qxb5 Nxe5 28. Nb3 Rxc1+ 29. Nxc1 Rc8 30. Nb3 Nc4 31. h3 d3 32. Qa6 Qe8 33. Bf4
Kh7 34. Nd2 Qc6 35. Qxc6 Rxc6 36. Nb3 g5 37. Bc1 Nxa5 38. Be3 Nxb3 39. axb3 Rd6
40. Bd2 Ra6 0-1

[Event "13PCR_F"]
[Site "?"]
[Date "2004.??.??"]
[Round "?"]
[White "Dlouhy, Radek"]
[Black "Pravec, Ladislav"]
[Result "0-1"]
[WhiteElo "2225"]
[BlackElo "2350"]
[PlyCount "98"]
[EventDate "2004.??.??"]
[EventType "corr"]

1. e4 c5 2. c3 d5 3. exd5 Qxd5 4. d4 Nf6 5. Nf3 e6 6. Bd3 Be7 7. O-O O-O 8. c4
Qd7 9. dxc5 Nc6 10. Be3 Rd8 11. Be2 Qxd1 12. Rxd1 Rxd1+ 13. Bxd1 Ng4 14. Bf4
Bxc5 15. Bg3 f6 16. a3 e5 17. b4 Bf8 18. Nbd2 Be6 19. c5 a5 20. b5 Nd8 21. Rc1
Rc8 22. Ne4 Nh6 23. a4 Be7 24. Be2 Nhf7 25. Re1 Bxc5 26. Nxc5 Rxc5 27. Nd2 Rc2
28. Nf1 Bb3 29. f4 Bxa4 30. fxe5 Nxe5 31. Bd1 Ra2 32. Bxa4 Rxa4 33. Bxe5 fxe5
34. Rxe5 Kf7 35. Rd5 Ke7 36. Ne3 g6 37. Rd1 Ne6 38. Nd5+ Kd6 39. Nb6+ Rd4 40.
Rc1 Rb4 41. Nc4+ Kd5 42. Nxa5 Rxb5 43. Nc4 Nf4 44. Kf1 Nd3 45. Rc2 Kd4 46. Nd2
Rb2 47. Rxb2 Nxb2 48. Nf3+ Kd3 49. Ng5 b5 0-1

[Event "13PCR_F"]
[Site "?"]
[Date "2004.??.??"]
[Round "?"]
[White "Dlouhy, Radek"]
[Black "Sochor, Frantisek"]
[Result "1/2-1/2"]
[WhiteElo "2225"]
[BlackElo "2278"]
[PlyCount "27"]
[EventDate "2004.??.??"]
[EventType "corr"]

1. d4 Nf6 2. c4 g6 3. Nc3 Bg7 4. e4 d6 5. Nf3 O-O 6. Be2 c5 7. O-O cxd4 8. Nxd4
Nc6 9. Be3 Bd7 10. Re1 Re8 11. Nxc6 Bxc6 12. f3 Qa5 13. a3 Rac8 14. b4 1/2-1/2

[Event "13PCR_F"]
[Site "?"]
[Date "2004.??.??"]
[Round "?"]
[White "Firla, Stanislav"]
[Black "Koci, Vladimir"]
[Result "1-0"]
[WhiteElo "2340"]
[BlackElo "2270"]
[PlyCount "99"]
[EventDate "2004.??.??"]
[EventType "corr"]

1. e4 g6 2. d4 Bg7 3. c4 d6 4. Nc3 e5 5. dxe5 Bxe5 6. f4 Bxc3+ 7. bxc3 Qe7 8.
Bd3 f5 9. Qe2 fxe4 10. Bxe4 Nf6 11. Bf3 Nbd7 12. Qxe7+ Kxe7 13. Nh3 Nb6 14. c5
dxc5 15. Ba3 Bxh3 16. gxh3 Kf7 17. O-O c6 18. Bxc5 Nc4 19. f5 Rhg8 20. Rae1
gxf5+ 21. Kh1 Rae8 22. Be2 Re4 23. Bxc4+ Rxc4 24. Re7+ Kg6 25. Bd4 Rf8 26. Rxb7
h6 27. Rxa7 Nd5 28. Rd7 Kg5 29. Rd6 Re8 30. Rg1+ Kf4 31. Rxh6 Kf3 32. Rf1+ Ke2
33. Rxf5 Nxc3 34. Bg1 Ne4 35. Rg6 Rc1 36. h4 c5 37. h5 Re1 38. h6 c4 39. h7 Rh8
40. Rg2+ Kd1 41. Rf7 c3 42. Rc7 Nd2 43. Rxc3 Rxh7 44. Rd3 Re2 45. Be3 Re1+ 46.
Rg1 Rxg1+ 47. Kxg1 Ke2 48. Rxd2+ Kxe3 49. Rg2 Rc7 50. Rg3+ 1-0

[Event "13PCR_F"]
[Site "?"]
[Date "2004.??.??"]
[Round "?"]
[White "Firla, Stanislav"]
[Black "Koukal, Vladimir"]
[Result "1/2-1/2"]
[WhiteElo "2340"]
[BlackElo "2194"]
[PlyCount "50"]
[EventDate "2004.??.??"]
[EventType "corr"]

1. e4 e5 2. f4 exf4 3. Nf3 g5 4. d4 g4 5. Bxf4 gxf3 6. Qxf3 d6 7. Bc4 Bg7 8.
Nc3 Nc6 9. O-O-O Nxd4 10. Qg3 Kf8 11. Bxf7 Kxf7 12. Rhf1 Nf6 13. Rxd4 Rf8 14.
Bxd6 cxd6 15. Rxd6 Qa5 16. e5 Be6 17. Qe3 Rfe8 18. Qg5 Rac8 19. Rxf6+ Bxf6 20.
Qxf6+ Kg8 21. Rxe6 Qc5 22. Qg5+ Kh8 23. Qf6+ Kg8 24. Qg5+ Kh8 25. Qf6+ Kg8
1/2-1/2

[Event "13PCR_F"]
[Site "?"]
[Date "2004.??.??"]
[Round "?"]
[White "Firla, Stanislav"]
[Black "Nejtek, Jiri"]
[Result "1/2-1/2"]
[WhiteElo "2340"]
[BlackElo "2291"]
[PlyCount "71"]
[EventDate "2004.??.??"]
[EventType "corr"]

1. e4 e5 2. Nf3 Nf6 3. d4 Nxe4 4. Bd3 d5 5. Nxe5 Nd7 6. Nxd7 Bxd7 7. O-O Bd6 8.
c4 c6 9. Nc3 O-O 10. Qf3 Nxc3 11. bxc3 dxc4 12. Bxc4 Qh4 13. h3 Be6 14. Bb3
Rae8 15. Bd2 Bc8 16. Rae1 Be6 17. Re4 Qd8 18. Rfe1 Bxb3 19. axb3 Rxe4 20. Qxe4
a5 21. c4 Bc7 22. Bc3 Qd6 23. g3 b5 24. Kg2 h6 25. Qg4 f5 26. Qe2 f4 27. Qe6+
Qxe6 28. Rxe6 fxg3 29. fxg3 Rf6 30. Re7 Rf7 31. Re2 Rf8 32. g4 bxc4 33. bxc4 a4
34. Re6 Rf6 35. Re1 Rf8 36. Re6 1/2-1/2

[Event "13PCR_F"]
[Site "?"]
[Date "2004.??.??"]
[Round "?"]
[White "Firla, Stanislav"]
[Black "Novotny, Petr"]
[Result "1-0"]
[WhiteElo "2340"]
[BlackElo "2218"]
[PlyCount "87"]
[EventDate "2004.??.??"]
[EventType "corr"]

1. c4 Nf6 2. Nf3 c5 3. Nc3 e6 4. g3 b6 5. e4 Bb7 6. Qe2 Nc6 7. Bg2 d6 8. O-O
Be7 9. Rd1 Nd4 10. Nxd4 cxd4 11. Nb5 e5 12. Nxd4 exd4 13. e5 Bxg2 14. exf6 Bb7
15. fxe7 Qxe7 16. Qxe7+ Kxe7 17. b3 d3 18. Re1+ Kd7 19. Bb2 Rhe8 20. Bxg7 d5
21. Rec1 Re2 22. Bh6 Rae8 23. c5 b5 24. Kf1 Kc6 25. b4 Bc8 26. Kg2 d4 27. a4
Bb7 28. axb5+ Kxb5+ 29. Kf1 a6 30. Bf4 R8e6 31. Rcb1 Be4 32. h4 h5 33. Ra5+ Kc4
34. c6 Rxc6 35. Rxh5 Bd5 36. Rh8 Re7 37. h5 Rb7 38. h6 f6 39. Rd8 Bf3 40. Rc1+
Kb5 41. Rxc6 Bxc6 42. Rxd4 a5 43. Bd6 a4 44. Rh4 1-0

[Event "13PCR_F"]
[Site "?"]
[Date "2004.??.??"]
[Round "?"]
[White "Firla, Stanislav"]
[Black "Pecka, Josef"]
[Result "1/2-1/2"]
[WhiteElo "2340"]
[BlackElo "2312"]
[PlyCount "52"]
[EventDate "2004.??.??"]
[EventType "corr"]

1. d4 d5 2. c4 c6 3. Nf3 Nf6 4. Qc2 e6 5. Bg5 Nbd7 6. e3 h6 7. Bh4 Qa5+ 8. Nc3
Ne4 9. Nd2 Nxd2 10. Qxd2 Nf6 11. Bxf6 gxf6 12. cxd5 cxd5 13. Bb5+ Bd7 14. Bxd7+
Kxd7 15. O-O Bb4 16. Qe2 Bxc3 17. bxc3 Rac8 18. Rab1 b6 19. e4 Rxc3 20. Rb5 Qa4
21. exd5 Qc4 22. Qe1 Rg8 23. dxe6+ fxe6 24. Rb1 Rg4 25. Qd2 Qxd4 26. Qxh6 Rxg2+
1/2-1/2

[Event "13PCR_F"]
[Site "?"]
[Date "2004.??.??"]
[Round "?"]
[White "Firla, Stanislav"]
[Black "Pravec, Ladislav"]
[Result "1-0"]
[WhiteElo "2340"]
[BlackElo "2350"]
[PlyCount "91"]
[EventDate "2004.??.??"]
[EventType "corr"]

1. e4 c5 2. Nf3 Nc6 3. d4 cxd4 4. Nxd4 Nf6 5. Nc3 d6 6. f4 e5 7. Nxc6 bxc6 8.
Bc4 Be7 9. O-O Qb6+ 10. Kh1 exf4 11. Rxf4 O-O 12. Qf3 Qc5 13. Bb3 Qe5 14. Qe2
d5 15. exd5 Qxe2 16. Nxe2 Nxd5 17. Re4 Re8 18. Ng3 Be6 19. Bd2 Bd6 20. Rae1
Bxg3 21. hxg3 Nf6 22. Ra4 Bxb3 23. cxb3 Rxe1+ 24. Bxe1 h6 25. Bc3 Nd5 26. Ra6
c5 27. Ra5 Nb4 28. Ra4 Nd3 29. Kg1 f6 30. Kf1 Kf7 31. Ke2 Nb4 32. Bxb4 cxb4 33.
Rxb4 Re8+ 34. Kf3 Re7 35. Ra4 Rb7 36. b4 Ke6 37. Ke4 f5+ 38. Kd4 Rd7+ 39. Kc5
Rc7+ 40. Kb5 Rc2 41. Rxa7 Rxg2 42. Ra3 g5 43. Rc3 f4 44. gxf4 gxf4 45. a4 Rg3
46. Rc1 1-0

[Event "13PCR_F"]
[Site "?"]
[Date "2004.??.??"]
[Round "?"]
[White "Firla, Stanislav"]
[Black "Strnad, Jiri"]
[Result "1-0"]
[WhiteElo "2340"]
[BlackElo "2228"]
[PlyCount "125"]
[EventDate "2004.??.??"]
[EventType "corr"]

1. e4 c6 2. d4 d5 3. Nd2 dxe4 4. Nxe4 Nd7 5. Ng5 e6 6. Bd3 Ngf6 7. N1f3 h6 8.
Nxe6 Qe7 9. O-O fxe6 10. Bg6+ Kd8 11. c4 Ne8 12. Re1 Qf6 13. Ne5 Nd6 14. Qc2 c5
15. g3 Qe7 16. dxc5 Nxe5 17. Rxe5 Nf7 18. Qd2+ Bd7 19. c6 Nd6 20. cxd7 Nxc4 21.
Qe1 Nxe5 22. Qxe5 Qxd7 23. Bf4 Rc8 24. Qe2 Rc5 25. Be4 e5 26. Be3 Bd6 27. Rd1
Rc7 28. Bxa7 Ke7 29. Bb6 Rc6 30. Bd4 Qe6 31. Bc3 Rc7 32. Bd5 Qf5 33. f4 g5 34.
fxe5 Bc5+ 35. Kh1 Rf8 36. g4 Qf2 37. Qd3 Rd7 38. e6 Rxd5 39. Qxd5 Qf3+ 40. Qxf3
Rxf3 41. Rd7+ Kxe6 42. Rxb7 Kd5 43. Rb5 Kc6 44. Ra5 Bd6 45. Rf5 Rh3 46. Be5
Bxe5 47. Rxe5 Kd6 48. Ra5 Rd3 49. Ra6+ Ke5 50. Rxh6 Rd2 51. Rb6 Kf4 52. a4 Rd1+
53. Kg2 Rd2+ 54. Kf1 Kxg4 55. a5 Rxh2 56. a6 Rh1+ 57. Kf2 Ra1 58. b4 Kf4 59. b5
Ra2+ 60. Kf1 Ra1+ 61. Ke2 g4 62. Rb7 g3 63. Rg7 1-0

[Event "13PCR_F"]
[Site "?"]
[Date "2004.??.??"]
[Round "?"]
[White "Koci, Vladimir"]
[Black "Blazek, Jaroslav"]
[Result "1/2-1/2"]
[WhiteElo "2270"]
[BlackElo "2205"]
[PlyCount "122"]
[EventDate "2004.??.??"]
[EventType "corr"]

1. d4 Nf6 2. Nf3 d5 3. Bf4 e6 4. e3 Be7 5. h3 O-O 6. Nbd2 c5 7. c3 a5 8. Be2
Nbd7 9. a4 b6 10. O-O Bb7 11. Bh2 Qc8 12. Rc1 Ba6 13. c4 Rd8 14. cxd5 exd5 15.
dxc5 bxc5 16. Nd4 Qb7 17. Bxa6 Rxa6 18. Nb5 Ne8 19. b3 Ndf6 20. Qc2 Re6 21.
Rfd1 Qb6 22. Nf3 Ne4 23. Bf4 Qb7 24. Ne5 Rc8 25. Rd3 Bg5 26. f3 Bxf4 27. exf4
Ng3 28. Qf2 Nh5 29. Qh4 Nef6 30. Rdc3 Qe7 31. Re1 Re8 32. Rce3 Qd8 33. f5 R6e7
34. Nc6 Rxe3 35. Rxe3 Qd7 36. Rxe8+ Qxe8 37. Nxa5 Qe3+ 38. Qf2 Qc1+ 39. Kh2 h6
40. g3 Nd7 41. Nb7 d4 42. N7d6 Nhf6 43. a5 d3 44. Nc4 Qc2 45. Kg2 Qxb3 46. Nbd6
Qc2 47. a6 Qa4 48. Qd2 Qxa6 49. Qxd3 Nb6 50. Qa3 Qxa3 51. Nxa3 Nfd5 52. Kf2 Kf8
53. Ke2 h5 54. h4 Nf6 55. Ne4 Nxe4 56. fxe4 Ke7 57. e5 f6 58. e6 g6 59. fxg6
Kxe6 60. Nb5 f5 61. Nd6 Nd5 1/2-1/2

[Event "13PCR_F"]
[Site "?"]
[Date "2004.??.??"]
[Round "?"]
[White "Koci, Vladimir"]
[Black "Dlouhy, Radek"]
[Result "1-0"]
[WhiteElo "2270"]
[BlackElo "2225"]
[PlyCount "65"]
[EventDate "2004.??.??"]
[EventType "corr"]

1. d4 d5 2. Nf3 Nf6 3. Bf4 c5 4. e3 cxd4 5. exd4 Nc6 6. Nbd2 Qb6 7. Nb3 Bg4 8.
Be2 e6 9. h3 Bh5 10. O-O Be7 11. c3 O-O 12. Bd3 a5 13. Rb1 Ne4 14. Nbd2 Nxd2
15. Bxd2 Rfc8 16. Bf4 Bf6 17. g4 Bg6 18. h4 Bxd3 19. Qxd3 Qa6 20. Qd2 b5 21. g5
Be7 22. h5 b4 23. g6 Qc4 24. gxf7+ Kxf7 25. Qe3 bxc3 26. bxc3 Qa4 27. Rfe1 Nd8
28. Bc7 Ra6 29. Bxd8 Bxd8 30. Qd3 Rd6 31. Qxh7 Bf6 32. Ne5+ Bxe5 33. Rxe5 1-0

[Event "13PCR_F"]
[Site "?"]
[Date "2004.??.??"]
[Round "?"]
[White "Koci, Vladimir"]
[Black "Nedoma, Petr"]
[Result "0-1"]
[WhiteElo "2270"]
[BlackElo "2269"]
[PlyCount "88"]
[EventDate "2004.??.??"]
[EventType "corr"]

1. d4 Nf6 2. Nf3 d5 3. Bf4 c5 4. e3 Qb6 5. Nc3 c4 6. Qc1 e6 7. a3 Be7 8. h3 Qa5
9. b4 Qd8 10. Be2 O-O 11. O-O b6 12. Ne5 Bb7 13. Rd1 a6 14. b5 axb5 15. Nxb5
Ne4 16. Qb2 Bh4 17. Rf1 Nd7 18. c3 Nxe5 19. Bxe5 Bc6 20. Nc7 Rc8 21. Na6 Bb7
22. Nb4 Ra8 23. a4 Qd7 24. Bd1 Ra5 25. Bc2 Rfa8 26. f3 Ng3 27. Bxg3 Bxg3 28. f4
Bh4 29. g4 Be7 30. Qb1 h6 31. Qd1 b5 32. g5 g6 33. gxh6 bxa4 34. Qg4 Qe8 35.
Ra3 Qf8 36. h7+ Kxh7 37. Rf2 Bc8 38. Rg2 Qh6 39. Qf3 Bd7 40. h4 Bxh4 41. e4
dxe4 42. Bxe4 Rh8 43. Nc6 Bxc6 44. Bxc6 Rf5 0-1

[Event "13PCR_F"]
[Site "?"]
[Date "2004.??.??"]
[Round "?"]
[White "Koci, Vladimir"]
[Black "Nejtek, Jiri"]
[Result "0-1"]
[WhiteElo "2270"]
[BlackElo "2291"]
[PlyCount "68"]
[EventDate "2004.??.??"]
[EventType "corr"]

1. d4 d5 2. Nf3 c6 3. Bf4 Nf6 4. Nbd2 g6 5. e3 Bg7 6. Be2 Qb6 7. Qc1 Bf5 8. h3
O-O 9. O-O Nbd7 10. c4 c5 11. cxd5 Nxd5 12. Bh2 cxd4 13. Nc4 Qe6 14. g4 Bxg4
15. hxg4 Qxg4+ 16. Kh1 d3 17. Rg1 Qf5 18. Rg5 Qf6 19. Bd1 Qe6 20. Ncd2 Rac8 21.
Qb1 Nc5 22. a3 Ne4 23. Rg2 Rfd8 24. Qa2 Nxd2 25. Nxd2 Qf6 26. Nc4 Nb6 27. Nxb6
Qxb6 28. a4 d2 29. Bf4 Rc1 30. Rg1 Qc6+ 31. Kh2 Rd5 32. Be2 Rf5 33. Qb3 g5 34.
Bg3 Be5 0-1

[Event "13PCR_F"]
[Site "?"]
[Date "2004.??.??"]
[Round "?"]
[White "Koci, Vladimir"]
[Black "Pecka, Josef"]
[Result "1-0"]
[WhiteElo "2270"]
[BlackElo "2312"]
[PlyCount "163"]
[EventDate "2004.??.??"]
[EventType "corr"]

1. d4 d5 2. Nf3 Nf6 3. Bf4 Nbd7 4. e3 Nh5 5. Bg5 h6 6. Bh4 g5 7. Bg3 Nxg3 8.
hxg3 Bg7 9. c3 c5 10. Nbd2 Qb6 11. Qb3 Qxb3 12. axb3 g4 13. Nh4 e6 14. f3 b6
15. Bb5 Bb7 16. fxg4 a6 17. Bxd7+ Kxd7 18. O-O Ke7 19. Rf4 Rhg8 20. Raf1 Raf8
21. Ndf3 a5 22. dxc5 bxc5 23. Ra4 Ra8 24. Rfa1 Rgb8 25. Rxa5 Rxa5 26. Rxa5 Kd6
27. Kf2 Bf6 28. Nd2 Ra8 29. Rxa8 Bxa8 30. Nhf3 Bc6 31. Ne1 e5 32. e4 dxe4 33.
Nc2 Bg5 34. Nc4+ Ke6 35. N4e3 Bd8 36. b4 cxb4 37. Nxb4 Ba4 38. Na2 Bb6 39. Ke2
Bc5 40. Nc1 Bb5+ 41. Kd2 Kd6 42. b3 Bc6 43. Nf5+ Ke6 44. Nxh6 Be7 45. Nf5 Bg5+
46. Ne3 Kd6 47. b4 Bb5 48. Ne2 Bh6 49. Ng1 Bd7 50. Ke2 Bb5+ 51. Kf2 Ke6 52. Nh3
Bd3 53. g5 Bf8 54. Ke1 Be7 55. g4 Ba6 56. Kd2 Bd3 57. Kc1 Bd6 58. Kb2 Be7 59.
Kb3 Bd8 60. c4 Bb6 61. c5 Bd8 62. Ka4 Be7 63. Nf5 Bf1 64. Nf2 Bd3 65. Kb3 Bxg5
66. Kc3 Bb1 67. b5 Kd7 68. Nd1 Bd3 69. b6 Kc6 70. Nde3 Ba6 71. Kb4 Bd8 72. Nc4
Bxc4 73. Kxc4 e3 74. Nxe3 Be7 75. b7 Kxb7 76. Nf5 Bf8 77. Kd5 e4 78. Kxe4 Bxc5
79. Ke5 Kc6 80. Kf6 Kd5 81. Nh4 Ke4 82. g5 1-0